Control of Mucuna bracteata in planting strips of immature rubber (Hevea brasiliensis) (Record no. 50102)

MARC details
000 -LEADER
fixed length control field 00518nam a2200181Ia 4500
100 ## - MAIN ENTRY--AUTHOR NAME
Personal name Varghese M.
245 #0 - TITLE STATEMENT
Title Control of Mucuna bracteata in planting strips of immature rubber (Hevea brasiliensis)
260 ## - PUBLICATION, DISTRIBUTION, ETC. (IMPRINT)
Name of publisher Indian Journal of Natural Rubber Research
Year of publication 2002
300 ## - PHYSICAL DESCRIPTION
Number of Pages 72-75
650 ## - SUBJECT ADDED ENTRY--TOPICAL TERM
Topical Term Cover crop
650 ## - SUBJECT ADDED ENTRY--TOPICAL TERM
Topical Term Herbicide
650 ## - SUBJECT ADDED ENTRY--TOPICAL TERM
Topical Term Immature rubber
650 ## - SUBJECT ADDED ENTRY--TOPICAL TERM
Topical Term Mucuna bracteata
700 ## - ADDED ENTRY--PERSONAL NAME
Personal name Pothen J.
700 ## - ADDED ENTRY--PERSONAL NAME
Personal name Punnoose K.I.
942 ## - ADDED ENTRY ELEMENTS (KOHA)
Koha item type Bibliography STAF
Holdings
Withdrawn status Lost status Damaged status Not for loan Home library Current library Shelving location Date acquired Serial Enumeration / chronology Koha item type
      Bibliography RRII Library RRII Library Pathology 09/04/2014 Volume 15, Issue 1 Bibliography STAF